[Event "Dublin Weekday op"]
[Site "Dublin"]
[Date "2022.07.07"]
[Round "4"]
[White "Dimitrov, Nikolai"]
[Black "Melay, James"]
[Result "1-0"]
[WhiteElo "1463"]
[BlackElo "725"]
[PlyCount "81"]
[EventDate "2022.07.04"]
[EventType "swiss"]
[EventRounds "5"]
[EventCountry "IRL"]
[SourceTitle "EXT 2023"]
[Source "ChessBase"]
[SourceDate "2022.10.05"]
[SourceVersion "1"]
[SourceVersionDate "2022.10.05"]
[SourceQuality "1"]

1. e4 e6 2. d4 b6 3. c4 Bb7 4. Bd3 Bb4+ 5. Bd2 Bxd2+ 6. Qxd2 f5 7. Nc3 Nf6 8. Qg5 g6 9. e5 Nh5 10. Qxd8+ Kxd8 11. f3 Nf4 12. 0-0-0 Nxg2 13. d5 Nh4 14. dxe6 Nxf3 15. Be2 Nxe5 16. Nf3 Nbc6 17. Rd2 d6 18. Rhd1 Re8 19. Ng5 h6 20. Nf7+ Kc8 21. Nb5 Rxe6 22. Nxh6 g5 23. Nxf5 Kd7 24. a3 Rh8 25. b4 a6 26. Nc3 Ne7 27. Nd4 Reh6 28. c5 Rxh2 29. cxd6 cxd6 30. b5 a5 31. Nc6 Nf7 32. Ne4 R8h6 33. Nxd6 Rxd6 34. Bg4+ Kc7 35. Rxh2 Rxd1+ 36. Kxd1 Kd6 37. Rd2+ Nd5 38. Bf3 Bxc6 39. bxc6 Ne5 40. Rxd5+ Ke6 41. Rxe5+ 1-0

[Event "Dublin Weekday op"]
[Site "Dublin"]
[Date "2022.07.06"]
[Round "3"]
[White "Williams, Henry J"]
[Black "Dimitrov, Nikolai"]
[Result "1-0"]
[WhiteElo "886"]
[BlackElo "1463"]
[PlyCount "125"]
[EventDate "2022.07.04"]
[EventType "swiss"]
[EventRounds "5"]
[EventCountry "IRL"]
[SourceTitle "EXT 2023"]
[Source "ChessBase"]
[SourceDate "2022.10.05"]
[SourceVersion "1"]
[SourceVersionDate "2022.10.05"]
[SourceQuality "1"]

1. d4 d5 2. Nc3 c6 3. Bf4 Bf5 4. e3 Nf6 5. Bd3 Ne4 6. Nxe4 dxe4 7. Bc4 Qa5+ 8. c3 Nd7 9. Qb3 e6 10. Qxb7 e5 11. Qxa8+ Ke7 12. dxe5 Qb6 13. b4 h6 14. a4 g5 15. a5 Qb8 16. Qxb8 Nxb8 17. Bg3 Bg7 18. Ne2 Nd7 19. Nd4 Be6 20. Nxe6 fxe6 21. Ke2 h5 22. h3 Rb8 23. Rab1 Bf8 24. f4 h4 25. Bh2 Bh6 26. fxg5 Bxg5 27. Bf4 Rg8 28. Rhg1 Bxf4 29. exf4 Rg3 30. Rbc1 Nf8 31. Kd2 Ng6 32. Rce1 Nxf4 33. Rxe4 Nxh3 34. Rh1 Nf2 35. Rexh4 Nxh1 36. Rxh1 Rxg2+ 37. Kd3 Rg3+ 38. Kc2 Rg7 39. Rh6 Rg5 40. Rxe6+ Kd7 41. Rh6 Rxe5 42. Rh7+ Kd6 43. Rxa7 Re4 44. Bd3 Rg4 45. Rh7 Rg2+ 46. Kb1 Rg3 47. Kc2 Rg2+ 48. Kb3 Rg3 49. a6 Rg8 50. Ka4 c5 51. b5 Rg4+ 52. c4 Rg1 53. a7 Ra1+ 54. Kb3 Ra6 55. Be4 Ke5 56. a8Q Rd6 57. Qd5+ Rxd5 58. Bxd5 Kd6 59. b6 Ke5 60. b7 Kd4 61. b8Q Ke3 62. Qg3+ Kd4 63. Rh4# 1-0